000 00927nam a2200277Ia 4500
003 OSt
005 20220923211314.0
006 a|||||r|||| 00| 0
007 ta
008 220922b |||||||| |||| 00| 0 hin d
020 _a9788180313912 (hbk)
_c250
024 _a243,283
037 _b260, 21/10/2010, Eastern Book Linkers
_cTextual
040 _aARTS
_cARTS
_bhin
041 _2hin
_ahin
082 _aO152,3:g, P9
100 _aमधुरेश
245 0 _aहिन्दी कहानी का विकास
246 _aHindī kahānī kā vikāsa
260 _aइलाहाबाद
_b सुमित प्रकाशन
_c2009
300 _a196पृ.
_ccm.
490 _aFYUP DC-1 HIN
650 _aहिन्दी साहित्य
_9156264
942 _hO152,3:g, P9
_cTEXL
_2CC
999 _c298307
_d298307